| 000 | 00917nam a2200289Ia 4500 | ||
|---|---|---|---|
| 008 | 130821s2001 enk gr eng | ||
| 020 | _a262082942 | ||
| 040 |
_aCo-BoUCM _bspa |
||
| 041 | 0 | 0 | _aeng |
| 100 |
_aHoy, Michael _d1953- _9158615 |
||
| 245 | 0 | 0 |
_aMathematics for economics _cMichael Hoy...[et. al] |
| 250 | _a2nd. ed. | ||
| 260 |
_aCambridge (Inglaterra) _bThe Mit _c2001 |
||
| 300 | _axiv, 1129 páginas | ||
| 504 | _aIncluye apéndice, ejercicios e índice. | ||
| 650 | 0 | 4 |
_aAnálisis matemático _99008 |
| 650 | 0 | 4 |
_aEconometría _913653 |
| 650 | 0 | 4 |
_aEconomía matemática _913703 |
| 650 | 0 | 4 |
_aEconomía _9174 |
| 650 | 0 | 4 |
_aMatemáticas _919031 |
| 700 |
_aLivernois, John _9144420 |
||
| 700 |
_aMckenna, John _9158616 |
||
| 700 |
_aRees, Ray _9158617 |
||
| 700 |
_aThanasis, Stengos _9158618 |
||
| 942 |
_a7 _e2 _kR _mM426 _cLIBRO _2DEWEY _h330.1543 |
||
| 999 |
_c33862 _d33862 |
||